000 00575nam a2200193 4500
001 114312
003 ES-MaACL
005 20230906190127.0
007 t|
008 061121s1984 sp r ||||1| spa d
020 _a84-283-1320-2
100 1 _aPallett, E. H. J.
_988596
245 1 0 _aInstrumentos de avión /
_cE. H. J. Pallett ; traducido por Luis Fernández Martínez.
260 _aMadrid :
_bParaninfo,
_c1984.
300 _a424 p. :
_bil ;
_c24 cm.
500 _aIndice.
700 1 _aFernández Martínez, Luis.
_949910
852 _aES-MaACL
_jL-12294
_bR.115464
999 _c114312
_d114312